|
|
|
|
| LEADER |
00000nab a2200000 ar4500 |
| 001 |
vtls009174790 |
| 003 |
SK-MaSNL |
| 005 |
20260303051348.0 |
| 008 |
080117c20080107xo mr|p|||||||000 b|slo |
| 015 |
|
|
|a SNKBUCL2008/01
|2 snkbucl
|
| 038 |
|
|
|a SNKBUCL
|
| 040 |
|
|
|a SNKBUCL
|b slo
|c SNKBUCL
|e AACR2
|
| 041 |
0 |
|
|a slo
|
| 044 |
|
|
|a xo
|c SK
|
| 080 |
|
|
|a 796.323.2.093.1
|2 2001
|
| 245 |
0 |
0 |
|a Mišinský vystrieľal Košiciam víťazstvo
|b extraliga basketbalistov - 17. kolo: Inter a Košice prekvapili, Handlová a Prievidza sklamali
|
| 300 |
|
|
|b Tab.
|
| 648 |
|
7 |
|a sezóna 2007/2008
|2 snkbucl
|9 831001
|
| 650 |
0 |
7 |
|a basketbal
|2 snkbucl
|9 3290
|
| 650 |
0 |
7 |
|a extraliga
|2 snkbucl
|9 18992
|
| 650 |
0 |
7 |
|a 17. kolo
|2 snkbucl
|9 872570
|
| 650 |
0 |
7 |
|a muži
|2 snkbucl
|9 4888
|
| 773 |
0 |
|
|t Šport
|g Roč. 62, č. 5 (7.1.2008), s. 26
|x 0139-7001
|
| 852 |
|
|
|a SNK
|b KIS3GCP
|
| 999 |
|
|
|c 1711213
|d 1713143
|